[Event "BEM-ch U16/18"]
[Site "Salzgitter Lebenstedt"]
[Date "2002.09.30"]
[Round "6"]
[White "Rummel, Florian"]
[Black "Bazan, Jan Lennart"]
[Result "1/2-1/2"]
[WhiteElo "1082"]
[BlackElo "1134"]
[PlyCount "73"]
[EventDate "2002.10.??"]
[EventType "swiss"]
[EventRounds "7"]
[EventCountry "GER"]
[SourceTitle "EXT 2005"]
[Source "ChessBase"]
[SourceDate "2004.11.15"]
[SourceVersion "1"]
[SourceVersionDate "2004.11.15"]
[SourceQuality "1"]

1. d4 d5 2. c4 e6 3. Nc3 Nf6 4. Nf3 Bb4 5. Bd2 Nc6 6. e3 0-0 7. Bd3 Bxc3 8. Bxc3 Ne4 9. 0-0 Nxc3 10. bxc3 Re8 11. Ne5 Nxe5 12. dxe5 dxc4 13. Bxc4 Qxd1 14. Raxd1 b6 15. Bb3 Ba6 16. Rfe1 Red8 17. Rxd8+ Rxd8 18. Rd1 Rxd1+ 19. Bxd1 Bc4 20. a3 Kf8 21. g3 f6 22. f4 fxe5 23. fxe5 h6 24. g4 c5 25. h4 g5 26. h5 Kf7 27. e4 a5 28. Bf3 Ke7 29. Kf2 b5 30. Ke1 Kd7 31. Kd2 Kc6 32. Kc2 b4 33. Kb2 bxa3+ 34. Kxa3 Bb5 35. Bd1 Bd3 36. Bf3 Kb6 37. Bg2 1/2-1/2

[Event "BEM-ch U16"]
[Site "Lehre"]
[Date "2000.10.02"]
[Round "6"]
[White "Rummel, Florian"]
[Black "Schubert, Christian3333"]
[Result "0-1"]
[WhiteElo "663"]
[BlackElo "2295"]
[PlyCount "100"]
[EventDate "2000.09.30"]
[EventType "tourn"]
[EventRounds "7"]
[EventCountry "GER"]
[SourceTitle "EXT 2003"]
[Source "ChessBase"]
[SourceDate "2002.11.25"]
[SourceVersion "1"]
[SourceVersionDate "2002.11.25"]
[SourceQuality "1"]

1. e4 e5 2. Nf3 Nc6 3. Nc3 Nf6 4. Bc4 Nxe4 5. d3 Nf6 6. Bg5 h6 7. Bxf6 Qxf6 8. 0-0 Bc5 9. Nd5 Qd8 10. Re1 d6 11. c3 0-0 12. d4 exd4 13. cxd4 Bb4 14. Nxb4 Nxb4 15. a3 Nc6 16. d5 Ne7 17. h3 Ng6 18. g3 Bxh3 19. Qb3 Qf6 20. Re3 Rab8 21. Bf1 Bxf1 22. Kxf1 Qf5 23. Kg2 Qg4 24. Nh2 Qf5 25. Rae1 Qf6 26. Qa4 Qd8 27. Qxa7 Qg5 28. Qa4 Qxd5+ 29. Nf3 Ne5 30. Qd1 Qxd1 31. Rxd1 Nxf3 32. Kxf3 Rfe8 33. Rxe8+ Rxe8 34. Rd4 Re5 35. Ra4 Rb5 36. b4 c5 37. bxc5 dxc5 38. Ke4 Rb2 39. Ke3 Ra2 40. f4 Rb2 41. Ra8+ Kh7 42. Ra7 Rb3+ 43. Kd2 Kg6 44. Kc2 Rxg3 45. a4 h5 46. a5 h4 47. Rxb7 h3 48. a6 Ra3 49. Ra7 h2 50. Kb2 Ra5 0-1